LEADER 01709nam2 22003371i 450 001 UON00133838 005 20231205102808.915 010 $a978-34-87001-72-2 100 $a20020107d2007 |0itac50 ba 101 $alat 102 $aDE 105 $a|||| 1|||| 200 1 $aPrisciani grammatici Caesariensis institutionum grammaticarum libri 18., v.2. : libros 13-18 continens$fex recensione Martini Hertzii. Prisciani opera minora$fex recensione Henrici Keilii 205 $aHildesheim : Olms$b2007 210 $axi$d602 p. ; 23 cm 215 $aRipr. dell'ed.: Lipsiae$cin aedibus B. G. Teubneri, 1859-60 461 1$1001UON00133809$12001 $aGrammatici Latini$fex recensione Henrici Keilii$1205 $aRist. anast$1210 $aHildesheim [etc.]$cOlms$d2007$1215 $a8 v.$d23 cm$v3 517 1$3UON00367749$aInstitutionum Grammaticarum libri XVIII. 2. 606 $aGRAMMATICI LATINI$3UONC028986$2FI 620 $aUS$dNew York$3UONL000050 620 $aDE$dHildesheim$3UONL000317 676 $a475$cLingua latina. Grammatica$v21 700 0$aPRISCIANUS : Caesariensis$3UONV077463$0154536 702 1$aHERTZ$bMartin$3UONV081674 702 1$aKEIL$bHenric$3UONV081661 801 $aIT$bSOL$c20240220$gRICA 912 $aUON00133838 950 $aSIBA - SISTEMA BIBLIOTECARIO DI ATENEO$dSI GLOTT B 12 V 033 /3 $eSI MC 7153 5 033 /3 $sSmarrito 950 $aSIBA - SISTEMA BIBLIOTECARIO DI ATENEO$dSI T 2 GRAMM LAT 0100.3 SOPPALCO - 2° PIANO $eSI MC 31524 7 SOPPALCO - 2° PIANO 996 $aPrisciani grammatici Caesariensis institutionum grammaticarum libri 18, v.2$9299545 997 $aUNIOR